000
00313nam a2200133 a 4500
005
20140414093836.0
008
110304s19uu xx 00 eng d
050
_a
CDR 515
_b
MUL 1995
245
_a
Multimedia calculus II.
260
_b
Pro One,
_c
1995.
650
_a
Calculus
942
_c
AVM
999
_c
109005
_d
109005